国立大学出身の現役選手(2026) - Statistics

General Stats
  • This quiz has been taken 11 times
  • The average score is 4 of 5
Answer Stats
現所属 大学名 ポジション Answer % Correct
阪神 筑波大 外野手 岡城快生
100%
広島 静岡大 内野手 佐藤啓介
90%
西武 筑波大 投手 佐藤隼輔
90%
阪神 小樽商科大* 投手 早川太貴
60%
広島 静岡大 捕手 安竹俊喜
50%
No matching quizzes found
Score Distribution
Percent of People with Each Score
Percentile by Number Answered
Your Score History
You have not taken this quiz